000 00394nam a22001457a 4500
005 20200607140506.0
008 200607b xxu||||| |||| 00| 0 eng d
082 _a345.4
110 _aALL INDIA REPORTER
_95839
245 _aALL INDIA REPORTER , 2008 (V-95) PUNJAB HARYANA SECTION
260 _aMUMBAI
_bALL INDIA REPORTER , PVT, LTD
300 _a12;p
650 _aLAW
_95701
942 _cJRL
999 _c6906
_d6904